000 00542nam a2200205Ia 4500
003 OSt
005 20260122122934.0
020 _a8-8006-2518-1
040 _cLC
050 _aQH 308.2 .R38 1986
_b1
100 _aRAVEN, PETER H
245 0 _aUNDERSTANDING BIOLOGY
250 _aREVISED EDITION
260 _aST.LOUIS MISSOURI,
_bTIMES MIRROR/MOSBY COLLEGE,
_c1986,
300 _aXXXii, 799 P, ILL
500 _aINCLUDES BIBLIOGRAPHICAL REFERENCES AND INDEX
650 _a Biology
700 _aJOHNSON GEORGE B
942 _cBK
_2lcc
999 _c191596
_d191596